Normal view
MARC view
- Biophysics
Entry Topical Term
001 - CONTROL NUMBER
- control field: 88610
003 - CONTROL NUMBER IDENTIFIER
- control field: NUST
005 - DATE AND TIME OF LATEST TRANSACTION
- control field: 20220124120429.0
008 - FIXED-LENGTH DATA ELEMENTS
- fixed length control field: 220124|| aca||aabn | a|a d
040 ## - CATALOGING SOURCE
- Original cataloging agency: NUST
- Transcribing agency: NUST
150 ## - HEADING--TOPICAL TERM
- Topical term or geographic name entry element: Biophysics
670 ## - SOURCE DATA FOUND
- Source citation: Work cat.: (NUST)587696: Cotterill, Rodney, 1933- 88608, Biophysics :, 2002.
